000 00444pab a2200169 454500
008 180718b2011 xxu||||| |||| 00| 0 eng d
100 _aPillai, K.R.
245 _aSymbiotic metamorphosis through empowerment: A case from Periyar tiger reserve, India
260 _c2011
300 _ap.149-161.
362 _aSep
650 _aTribes
650 _aIndigenous populations
773 _aMan and Development
908 _aN
909 _a93717
999 _c93717
_d93717